[Event "COL sub zt 2.3.4"]
[Site "La Dorada"]
[Date "2016.11.03"]
[Round "2"]
[White "Vargas, Eduar Misael"]
[Black "Penate, Aldair"]
[Result "1/2-1/2"]
[WhiteElo "1928"]
[BlackElo "1742"]
[PlyCount "71"]
[EventDate "2016.11.02"]
[EventType "swiss"]
[EventRounds "9"]
[EventCountry "COL"]
[SourceTitle "CBM 175 Extra"]
[Source "ChessBase"]
[SourceDate "2016.12.12"]
[SourceVersion "1"]
[SourceVersionDate "2016.12.12"]
[SourceQuality "1"]

1. d4 d5 2. c4 c6 3. Nf3 Nf6 4. Nc3 dxc4 5. e3 b5 6. a4 Nd5 7. Bd2 e6 8. axb5 Nxc3 9. Bxc3 cxb5 10. Ne5 Bb7 11. Ba5 Qc8 12. b3 Nc6 13. Nxc6 Qxc6 14. bxc4 bxc4 15. Qa4 Qxa4 16. Rxa4 Rc8 17. Bc3 Bd5 18. Rxa7 Rb8 19. f3 f5 20. Kd2 Bd6 21. Ra6 Kd7 22. Be2 Rhc8 23. g3 Bb4 24. Ra7+ Rc7 25. Rxc7+ Kxc7 26. Ra1 Bxc3+ 27. Kxc3 Rb3+ 28. Kd2 c3+ 29. Kd1 Rb2 30. Rc1 Bb3+ 31. Ke1 Rc2 32. Rxc2 Bxc2 33. Bd1 Bd3 34. Bb3 Kd6 35. Kd1 g6 36. Bc2 1/2-1/2

[Event "COL pre olympic sf"]
[Site "Bogota"]
[Date "2016.05.30"]
[Round "9"]
[White "Zuluaga Mancilla, Cesar"]
[Black "Penate, Aldair"]
[Result "1-0"]
[WhiteElo "2323"]
[BlackElo "1664"]
[PlyCount "97"]
[EventDate "2016.05.25"]
[EventType "swiss"]
[EventRounds "9"]
[EventCountry "COL"]
[SourceTitle "CBM 172 Extra"]
[Source "ChessBase"]
[SourceDate "2016.06.21"]
[SourceVersion "1"]
[SourceVersionDate "2016.06.21"]
[SourceQuality "1"]

1. d4 Nf6 2. c4 d6 3. Nc3 Nbd7 4. Nf3 e5 5. g3 Be7 6. Bg2 c6 7. e4 Qc7 8. h3 a6 9. a4 a5 10. 0-0 0-0 11. Be3 Re8 12. Qc2 b6 13. Rfe1 Ba6 14. Bf1 Bf8 15. Rac1 Bb7 16. Bg2 Rad8 17. b3 Qb8 18. Rcd1 g6 19. Bg5 h6 20. Bc1 Bg7 21. Ba3 exd4 22. Nxd4 Nc5 23. Bc1 Na6 24. Bf4 Nh5 25. Be3 Nc5 26. Kh2 Qc7 27. f4 Nf6 28. Bf2 Nfd7 29. Nde2 Nb8 30. Bd4 Nba6 31. Bxg7 Kxg7 32. Nd4 Nb4 33. Qb1 Bc8 34. Re2 Re7 35. Red2 Rde8 36. Nde2 Nb7 37. Qb2 Kh7 38. g4 f5 39. gxf5 gxf5 40. Ng3 d5 41. e5 dxc4 42. bxc4 Be6 43. Nd5 cxd5 44. cxd5 Qc8 45. dxe6 Nc5 46. Nxf5 Rxe6 47. Nd6 Qd7 48. Qb1+ Kh8 49. Nxe8 1-0